000 01394nam a2200397 i 4500
001 24787
003 KOSZ 005
005 20220111141347.0
008 970620s1995 pl a f |001 0 pol
015 _aPB 1995/9690
020 _a8320418941
020 _a8320418933
040 _aWA N
_cWA N
_dKOSZ 005/HR
080 _a517
080 _a(075.8)
100 1 _aŻakowski, Wojciech
_d(1929-1993)
_eAutor
245 1 0 _aMatematyka.
_nCz. 1 /
_cWojciech Żakowski, Grzegorz Decewicz.
250 _aWyd. 14.
260 _aWarszawa :
_bWydawnictwa Naukowo-Techniczne,
_c1995.
300 _a255, [1] s. :
_brys., wykr. ;
_c24 cm.
380 _aKsiążki
380 _aPublikacje dydaktyczne
388 _a1901-2000
490 1 _aPodręczniki Akademickie. Elektronika, Informatyka, Telekomunikacja.
500 _aNagroda Główna Atena '94.
504 _aBibliogr. s. 251. - Indeks.
521 _aDla kierunków elektroniki, informatyki i telekomunikacji.
650 4 _aAnaliza matematyczna
655 4 _aPodręczniki akademickie
658 _aMatematyka
700 1 _aDecewicz, Grzegorz
_d(1943- )
_eAutor
710 2 _aWydawnictwa Naukowo-Techniczne
_4pbl.
830 0 _aPodręczniki Akademickie
_pEIT
856 _uhttp://koha.tu.koszalin.pl/cgi-bin/koha/opac-detail.pl?biblionumber=24787
_yKatalog online BPK
942 _2UKD
_cKS
999 _c24787
_d24787